Spravodajské predajne, problémy a možnosti ich využitia v obchodnej činnosti spotrebného družstva Jednota Topoľčany záverečná práca postgraduálneho štúdia

Salvato in:
Dettagli Bibliografici
Autore principale: Vedej, Jozef
Ente Autore: Vysoká škola ekonomická v Bratislave
Altri autori: Novacká, Ľudmila, 1953-
Natura: Libro
Lingua:slovacco
Pubblicazione: Bratislava 1991
Tags: Aggiungi Tag
Nessun Tag, puoi essere il primo ad aggiungerne!!

MARC

LEADER 00000nam a2200000 4500
001 c034621
005 20260108101736.4
041 0 |a slo 
044 |a SK 
245 1 0 |a Spravodajské predajne, problémy a možnosti ich využitia v obchodnej činnosti spotrebného družstva Jednota Topoľčany  |b záverečná práca postgraduálneho štúdia  |c Jozef Vedej ; Ved. práce Ľudmila Novácka 
264 1 |a Bratislava  |c 1991 
300 |a 62 s. 
100 1 |a Vedej, Jozef 
700 1 |a Novacká, Ľudmila, 1953- 
710 2 |a Vysoká škola ekonomická v Bratislave